000 00259nam a22001097a 4500
082 _a604.2 PAL'I
100 _aPAULL, JAMES H
_958064
245 _aINDUSTRIAL SHEET METAL DRAWING
260 _aNEWJERSCY
_bD. VAN NOSTRAND
_c1938
300 _a153P
942 _cBK
999 _c568282
_d568282